This which ye see and hear. (Record no. 14154)

000 -LEADER
fixed length control field 00538nam a2200181 a 4500
001 - CONTROL NUMBER
control field :::00011978$&:&@@
003 - CONTROL NUMBER IDENTIFIER
control field OkBaRHE
005 - DATE AND TIME OF LATEST TRANSACTION
control field 20000607103414.0
008 - FIXED-LENGTH DATA ELEMENTS--GENERAL INFORMATION
fixed length control field s1972 j 000 0 eng u
040 ## - CATALOGING SOURCE
Transcribing agency
100 1# - MAIN ENTRY--PERSONAL NAME
Personal name Ervin, Howard M.
245 10 - TITLE STATEMENT
Title This which ye see and hear.
260 ## - PUBLICATION, DISTRIBUTION, ETC. (IMPRINT)
Place of publication, distribution, etc Plainfield, NJ., :
Name of publisher, distributor, etc Logos International
Date of publication, distribution, etc c1972
300 ## - PHYSICAL DESCRIPTION
Extent 112 p. ;
Dimensions 21 cm.
650 ## - SUBJECT ADDED ENTRY--TOPICAL TERM
Topical term or geographic name as entry element Pentecostalism
942 ## - ADDED ENTRY ELEMENTS (KOHA)
Source of classification or shelving scheme
Koha item type Books
Copies
Lost status Date last seen Full call number Copy number Damaged status Source of classification or shelving scheme Date acquired Permanent Location Shelving location Not for loan Koha item type Price effective from Barcode Withdrawn status
 2010-04-14BX 8763 .E781  2010-04-14RHEMA Bible Training CollegeGeneral Stacks Books2010-04-1411978